Tilastot visalle Kiinan naapurimaat

Klikkaa tästä pelataksesi tätä visaa!

Yleistilastot

  • Tätä visaa on pelattu 704 kertaa
  • Keskiarvotulos 11 / 14

Vastaustilastot

Rajan pituus (km)Valtio% Oikein
4 677Mongolia
98%
3 605Venäjä
97%
3 380Intia
94%
1 416Pohjois-Korea
91%
1 236Nepal
87%
1 281Vietnam
86%
1 533Kazakstan
85%
523Pakistan
80%
423Laos
78%
2 185Myanmar
75%
858Kirgisia
70%
470Bhutan
68%
76Afganistan
68%
414Tadžikistan
63%

Tulosjakauma

Persentiili vastausten määrän mukaan

Jokaisen tuloksen saaneiden osuus

Tuloshistoriasi

Et ole pelannut tätä visaa